| 000 | 01094nam a2200265Ia 4500 | ||
|---|---|---|---|
| 003 | GCL | ||
| 008 | 140319s9999 xx 000 0 ara d | ||
| 040 |
_aGCL / _cGCL |
||
| 082 | 0 | 4 |
_a329.174927 _bب د |
| 100 | 1 | _aجورج طرابيشى | |
| 245 | 1 | 0 |
_aالديمقراطية والاحزاب فى البلدان العربية : _bالمواقف والمخاوف المتبادلة / _cجورج طرابيشى |
| 700 | 1 | _aبرهان غليون | |
| 700 | 1 | _aعلى خليفة الكوارى | |
| 260 |
_aالقاهرة : _bمركز دراسات الوحدة العربية ، _c1999 |
||
| 300 |
_a126 ص ؛ _c24 سم |
||
| 490 |
_aمشروع دراسات الديمقراطية فى البلدان العربية _v0 |
||
| 650 | 0 | 4 | _aالديمقراطية |
| 650 | 0 | 4 | _aالعلوم السياسية |
| 650 | 0 | 4 | _aالاحزاب السياسية |
| 650 | 0 | 4 | _aالمذاهب السياسية |
| 650 | 0 | 4 | _aالقومية العربية |
| 650 | 0 | 4 | _aالممارسة السياسية |
| 650 | 0 | 4 | _aالعالم العربى - الاحوال السياسية |
| 942 |
_2ddc _cBK |
||
| 999 |
_c5017 _d5017 |
||